<?xml version="1.0" encoding="UTF-8"?>
<record
    xmlns:xsi="http://www.w3.org/2001/XMLSchema-instance"
    xsi:schemaLocation="http://www.loc.gov/MARC21/slim http://www.loc.gov/standards/marcxml/schema/MARC21slim.xsd"
    xmlns="http://www.loc.gov/MARC21/slim">

  <leader>00956nam a2200217Ia 4500</leader>
  <datafield tag="999" ind1=" " ind2=" ">
    <subfield code="c">59229</subfield>
    <subfield code="d">59229</subfield>
  </datafield>
  <controlfield tag="001">10450</controlfield>
  <controlfield tag="003">GE_BSU</controlfield>
  <controlfield tag="005">20221219105502.0</controlfield>
  <controlfield tag="008">181216s||||||||xx |||||||||||||| ||und||</controlfield>
  <datafield tag="020" ind1=" " ind2=" ">
    <subfield code="a">9789992895269</subfield>
  </datafield>
  <datafield tag="040" ind1=" " ind2=" ">
    <subfield code="c">GE_BSU</subfield>
  </datafield>
  <datafield tag="080" ind1=" " ind2=" ">
    <subfield code="a">821.353.1</subfield>
  </datafield>
  <datafield tag="245" ind1=" " ind2=" ">
    <subfield code="a">&#x10E5;&#x10D0;&#x10E0;&#x10D7;&#x10E3;&#x10DA;&#x10D8; &#x10DE;&#x10E0;&#x10DD;&#x10D6;&#x10D0;:&#x10EC;.3:&#x10DB;&#x10D4;&#x10D7;&#x10D4;&#x10E0;&#x10D7;&#x10DB;&#x10D4;&#x10E2;&#x10D4;&#x2013;&#x10DB;&#x10D4;&#x10D7;&#x10DD;&#x10D7;&#x10EE;&#x10DB;&#x10D4;&#x10E2;&#x10D4; &#x10E1;&#x10D0;&#x10E3;&#x10D9;&#x10E3;&#x10DC;&#x10D4;&#x10D4;&#x10D1;&#x10D8;&#x10E1; &#x10DB;&#x10EC;&#x10D4;&#x10E0;&#x10DA;&#x10DD;&#x10D1;&#x10D0;</subfield>
  </datafield>
  <datafield tag="245" ind1=" " ind2=" ">
    <subfield code="c">&#x10E1;&#x10D0;&#x10E0;&#x10D4;&#x10D3;.&#x10D9;&#x10DD;&#x10DA;:&#x10D2;&#x10E0;. &#x10D0;&#x10D1;&#x10D0;&#x10E8;&#x10D8;&#x10EB;&#x10D4; &#x10D3;&#x10D0; &#x10E1;&#x10EE;&#x10D5;.&#x10E8;&#x10D4;&#x10DB;&#x10D3;&#x10D2;: &#x10D2;. &#x10D2;&#x10D5;&#x10D4;&#x10E0;&#x10D3;&#x10EC;&#x10D8;&#x10D7;&#x10D4;&#x10DA;&#x10D8;, &#x10DC;. &#x10D4;&#x10D1;&#x10E0;&#x10D0;&#x10DA;&#x10D8;&#x10EB;&#x10D4;,&#x10E0;. &#x10D7;&#x10D5;&#x10D0;&#x10E0;&#x10D0;&#x10EB;&#x10D4;.&#x10E0;&#x10D4;&#x10D3;:&#x10D6;.&#x10D0;&#x10D1;&#x10D4;&#x10E1;&#x10D0;&#x10EB;&#x10D4;;&#x10DB;&#x10EE;&#x10D0;&#x10E2;&#x10D5;:&#x10D3;.&#x10D3;&#x10E3;&#x10DC;&#x10D3;&#x10E3;&#x10D0;</subfield>
  </datafield>
  <datafield tag="260" ind1=" " ind2=" ">
    <subfield code="a">&#x10D7;&#x10D1;&#x10D8;&#x10DA;&#x10D8;&#x10E1;&#x10D8;</subfield>
  </datafield>
  <datafield tag="260" ind1=" " ind2=" ">
    <subfield code="b">&#x10E1;&#x10D0;&#x10D1;&#x10ED;&#x10DD;&#x10D7;&#x10D0; &#x10E1;&#x10D0;&#x10E5;&#x10D0;&#x10E0;&#x10D7;&#x10D5;&#x10D4;&#x10DA;&#x10DD;</subfield>
  </datafield>
  <datafield tag="260" ind1=" " ind2=" ">
    <subfield code="c">1982</subfield>
  </datafield>
  <datafield tag="300" ind1=" " ind2=" ">
    <subfield code="a">431&#x10D2;&#x10D5;;20&#x10E1;&#x10DB;</subfield>
  </datafield>
  <datafield tag="653" ind1=" " ind2=" ">
    <subfield code="a">&#x10E5;&#x10D0;&#x10E0;&#x10D7;&#x10E3;&#x10DA;&#x10D8; &#x10DE;&#x10E0;&#x10DD;&#x10D6;&#x10D0;:</subfield>
  </datafield>
  <datafield tag="942" ind1=" " ind2=" ">
    <subfield code="c">BK</subfield>
    <subfield code="2">udc</subfield>
  </datafield>
</record>
